Reterritorializing Linguistic Landscapes: (Record no. 1436118)

MARC details
000 -LEADER
fixed length control field 00873 a2200265 4500
005 - DATE AND TIME OF LATEST TRANSACTION
control field 20251204144727.0
008 - FIXED-LENGTH DATA ELEMENTS--GENERAL INFORMATION
fixed length control field 251204b |||||||| |||| 00| 0 eng d
020 ## - INTERNATIONAL STANDARD BOOK NUMBER
International Standard Book Number 9781350247116 (hbk)
037 ## - SOURCE OF ACQUISITION
Terms of availability TB
040 ## - CATALOGING SOURCE
Original cataloging agency CRL
Transcribing agency CRL
041 ## - LANGUAGE CODE
Language code of text/sound track or separate title eng
084 ## - COLON CLASSIFICATION NUMBER
Classification number P:(Y) R2
Assigning agency CRL
245 ## - TITLE STATEMENT
Title Reterritorializing Linguistic Landscapes:
Remainder of title Questioning boundaries and opening spaces
260 ## - PUBLICATION, DISTRIBUTION, ETC.
Name of publisher, distributor, etc. Bloomsbury Academic
Date of publication, distribution, etc. 2022
Place of publication, distribution, etc. London
300 ## - PHYSICAL DESCRIPTION
Extent 415p.
365 ## - TRADE PRICE
Price amount 41.99 UKP
490 ## - SERIES STATEMENT
Series statement Advances in sociolinguistics
650 ## - SUBJECT ADDED ENTRY--TOPICAL TERM
Source of heading or term Linguistic
650 ## - SUBJECT ADDED ENTRY--TOPICAL TERM
Source of heading or term Sociolinguistic
650 ## - SUBJECT ADDED ENTRY--TOPICAL TERM
Source of heading or term Sociology
700 ## - ADDED ENTRY--PERSONAL NAME
Personal name Malinowski, David
Relator term Editor
9 (RLIN) 854598
700 ## - ADDED ENTRY--PERSONAL NAME
Personal name Tufi, Stefania
Relator term Editor
9 (RLIN) 854599
942 ## - ADDED ENTRY ELEMENTS (KOHA)
Koha item type Textbook
Source of classification or shelving scheme Colon Classification (CC)
Suppress in OPAC No
Classification part P:(Y) R2
Holdings
Withdrawn status Lost status Source of classification or shelving scheme Damaged status Not for loan Home library Current library Date acquired Source of acquisition Cost, normal purchase price Inventory number Total Checkouts Full call number Barcode Date last seen Cost, replacement price Price effective from Koha item type
    Colon Classification (CC)     Central Library Central Library 2025-12-04 58 Segment Book Distributors 3411.65 71039 & 2025-11-21   P:(Y) R2 CL1924620 2025-11-26 4873.78 2025-11-26 Textbook
Copyright @ Delhi University Library System